000 01044nam a22002777a 4500
999 _c114148
_d114148
003 0
005 20190314115954.0
008 0
010 _aB-071451, B-071455
020 _c100.00
035 _aB-071451,B-071452, B-071455, B-071455
037 _bCen Lib/Ret
040 _aDPL
_bHN
_c0
082 _a
_bआमना
100 _aआमना अबुल हसन
_96710
245 _aवापसी /
_cआमना अबुल हसन
246 _aWaapsi /
_bby Amna Abul Hasan
260 _a नई दिल्ली
_bमॉडर्न पब्लिशिंग हाउस
_c2002
270 _a9, गोला मार्किट, दरयागंज
_b नई दिल्ली
_e110002
300 _a112पृ.
_c21सेमी(सजिल्द )
650 _aहिंदी साहित्य
_x
_z
_955573
650 _aहिंदी उपन्यास
_955574
650 _aHindi literature
_v
_955575
650 _aHindi novels
_955576
942 _2ddc
_cHN
_h
_mआमना